| 000 | 01043cam a2200265 i 4500 | ||
|---|---|---|---|
| 003 | SA-RiAUC | ||
| 005 | 20250415062019.0 | ||
| 008 | 250315s1961 ua g 00000 ara c | ||
| 040 |
_aSA-RiAUC _bara _cSA-RiAUC _erda |
||
| 082 | 0 | 4 | _a229 |
| 090 |
_a229 _bم ا ل |
||
| 100 | 0 |
_aمالك بن نبي، _d1905-1973 _eمؤلف. |
|
| 245 | 1 | 2 |
_aالظاهرة القرآنية : _bنظرية جديدة في دراسات القرآن / _cتأليف مالك بن نبي ؛ ترجمة عبد الصبور شاهين. |
| 250 | _aالطبعة الثانية. | ||
| 264 | 1 |
_aالقاهرة : _bمكتبة دار العروبة، _c1961 |
|
| 300 |
_a350 صفحة ؛ _c20 سم. |
||
| 336 |
_aنص _btxt _2rdacontent _3كتاب |
||
| 337 |
_aبدون وسيط _bn _2rdamedia |
||
| 338 |
_aمجلد _bnc _2rdacarrier |
||
| 440 | 0 | _aمشكلات الحضارة | |
| 630 | 2 | 7 |
_aالقرآن _xعلوم _2aucut |
| 700 | 1 |
_aشاهين، عبد الصبور، _d1929-2010 _eمترجم. |
|
| 942 |
_2ddc _cBOOK _n0 |
||
| 949 |
_aSA-JeALM _d250315 _umohamedma123 _n1 |
||
| 999 |
_c7038 _d7038 |
||